[Event "Tourn. n9115"]
[Site "www.chess-mail.com"]
[Date "2017.01.09"]
[Round "1"]
[White "Balbyns"]
[Black "Paulsyd"]
[WhiteElo "1759"]
[BlackElo "1099"]
[Result "0-1"]
[Round "1"]
1.e4 c5
2.Ng1f3 e6
3.c4 Nb8c6
4.d3 Ng8f6
5.Nb1c3 Bf8e7
6.b3 d5
7.cxd5 exd5
8.exd5 Nf6xd5
9.Bc1b2 Nd5xc3
10.Bb2xc3 O-O
11.Bf1e2 Be7f6
12.Qd1c2 Nc6b4
13.Qc2b2 Nb4xd3
14.Be2xd3 Qd8xd3
15.Qb2e2 Qd3xc3
{ resign }
0-1

[Event "Tourn. n8923"]
[Site "www.chess-mail.com"]
[Date "2017.01.09"]
[Round "1"]
[White "Numanoid"]
[Black "Wwgia"]
[WhiteElo "2280"]
[BlackElo "2090"]
[Result "1-0"]
[Round "1"]
1.e4 c5
2.Ng1f3 Nb8c6
3.Bf1b5 g6
4.Bb5xc6 dxc6
5.d3 Bf8g7
6.h3 e5
7.O-O Qd8e7
8.a4 Ng8f6
9.Nb1d2 Nf6d7
10.a5 Nd7f8
11.Nd2c4 f6
12.Bc1e3 Nf8e6
13.c3 O-O
14.Qd1c2 Rf8d8
15.Rf1d1 Bc8d7
16.Ra1a4 Bd7e8
17.b4 cxb4
18.Ra4xb4 Ne6d4
19.Be3xd4 exd4
20.Rd1b1 Rd8d7
21.cxd4 Be8f7
22.Nc4e3 Ra8d8
23.Qc2c5 Qe7xc5
24.dxc5 Rd7xd3
25.Rb4xb7 Rd8d7
26.Rb7xd7 Rd3xd7
27.Rb1b8 Bg7f8
28.Ne3g4 Kg7
29.Ng4xf6 Rd7d1
30.Kh2 Bf8xc5
31.e5 Bc5xf2
32.Nf3g5 h6
33.Ng5e4 Bf2d4
34.e6 Bf7xe6
35.Nf6e8 Kf7
36.Ne8d6 Ke7
37.Rb8b7 Be6d7
38.Nd6c8 Kd8
39.Nc8xa7 Bd4e5
40.g3 Rd1a1
41.Ne4c5 Ra1a2
42.Kh1 Ra2d2
43.Nc5xd7 Rd2xd7
{ time. }
1-0

[Event "Tourn. n9155"]
[Site "www.chess-mail.com"]
[Date "2017.01.09"]
[Round "1"]
[White "Comrade"]
[Black "Bojan"]
[WhiteElo "2280"]
[BlackElo "2030"]
[Result "1-0"]
[Round "1"]
1.c4 b6
2.d4 e6
3.e4 c5
4.d5 exd5
5.cxd5 Bf8d6
6.Ng1f3 Qd8e7
7.Bf1d3 h6
8.O-O Ng8f6
9.e5 Bd6xe5
10.Nf3xe5 Qe7d6
11.Ne5c4 Qd6xd5
12.Rf1e1 Kd8
13.Nb1c3 Qd5b7
14.Nc4d6 Qb7c6
15.Bd3b5 { resign }
1-0

[Event "Tourn. n9106"]
[Site "www.chess-mail.com"]
[Date "2017.01.09"]
[Round "1"]
[White "Jobeye"]
[Black "Genius3"]
[WhiteElo "2359"]
[BlackElo "1840"]
[Result "1/2-1/2"]
[Round "1"]
1.e4 c5
2.c3 d6
3.Bf1c4 e6
4.d4 cxd4
5.Qd1xd4 Nb8c6
6.Qd4d3 Nc6e5
7.Bc4b5 Bc8d7
8.Bb5xd7 Qd8xd7
9.Qd3e2 Ng8f6
10.Bc1f4 Ne5g6
11.Bf4g5 Bf8e7
12.Bg5xf6 Be7xf6
13.g3 O-O
14.Nb1d2 d5
15.f4 dxe4
16.Nd2xe4 Bf6e7
17.Ng1f3 Rf8d8
18.O-O Qd7d3
19.Qe2xd3 Rd8xd3
20.Ra1d1 Ra8d8
21.Rd1xd3 Rd8xd3
22.Ne4d2 { draw }
1/2-1/2

[Event "Tourn. n9136"]
[Site "www.chess-mail.com"]
[Date "2017.01.09"]
[Round "1"]
[White "Jobeye"]
[Black "Osopanda"]
[WhiteElo "1980"]
[BlackElo "2020"]
[Result "1-0"]
[Round "1"]
1.e4 g6
2.d4 Bf8g7
3.Ng1f3 d6
4.Nb1c3 a6
5.Bc1e3 Ng8f6
6.Bf1d3 O-O
7.Qd1d2 Nf6g4
8.Be3g5 h6
9.Bg5h4 Nb8d7
10.h3 Ng4f6
11.O-O-O b5
12.g4 Kh7
13.g5 Nf6g8
14.Nc3d5 c6
15.Nd5f4 Qd8b6
16.gxh6 Bg7xh6
17.Nf3g5 Kg7
18.Ng5e6 fxe6
19.Nf4xe6 Kh8
20.Bh4g5 Rf8xf2
21.Qd2xf2 Bh6xg5
22.Ne6xg5 Nd7e5
23.Qf2h4 Kg7
24.Rd1f1 Qb6xd4
25.Qh4h7 
1-0

[Event "Tourn. n9127"]
[Site "www.chess-mail.com"]
[Date "2017.01.09"]
[Round "1"]
[White "Seger"]
[Black "Jazzy"]
[WhiteElo "2840"]
[BlackElo "2360"]
[Result "1-0"]
[Round "1"]
1.e4 d6
2.d4 Ng8f6
3.Nb1c3 e5
4.Ng1f3 Nb8d7
5.Bf1c4 Bf8e7
6.a4 O-O
7.O-O c6
8.h3 a6
9.a5 exd4
10.Qd1xd4 b6
11.axb6 Nd7xb6
12.Bc4a2 c5
13.Qd4e3 Qd8c7
14.Nf3h4 Bc8e6
15.Ba2xe6 fxe6
16.Nh4f3 Nf6d7
17.Nf3g5 Rf8f6
18.e5 dxe5
19.Qe3e4 Rf6g6
20.h4 Nd7f8
21.Ng5xh7 { resign }
1-0

[Event "Tourn. n9114"]
[Site "www.chess-mail.com"]
[Date "2017.01.09"]
[Round "1"]
[White "Autmich"]
[Black "Nulladies"]
[WhiteElo "1649"]
[BlackElo "1840"]
[Result "1-0"]
[Round "1"]
1.e4 c5
2.Ng1f3 g6
3.d4 cxd4
4.Nf3xd4 Bf8g7
5.Nb1c3 Nb8c6
6.Bc1e3 d6
7.Bf1b5 Bc8d7
8.O-O a6
9.Bb5xc6 bxc6
10.Rf1e1 Ng8f6
11.Qd1d2 Ra8b8
12.Ra1b1 O-O
13.Qd2d3 c5
14.Nd4f3 Nf6g4
15.Be3g5 h6
16.Bg5h4 Bd7b5
17.Nc3xb5 Rb8xb5
18.h3 Ng4e5
19.Nf3xe5 Bg7xe5
20.c3 f6
21.Re1f1 Qd8a5
22.f4 Be5xf4
23.Rf1xf4 g5
24.Bh4xg5 hxg5
25.Qd3d5 Kg7
26.Rf4f1 c4
27.Qd5xc4 Rb5c5
28.Qc4b3 Rc5b5
29.Qb3e6 Qa5b6
30.Kh1 Rf8f7
31.b3 Rb5e5
32.Qe6c4 Re5c5
33.Qc4d4 Rc5c6
34.Qd4xb6 Rc6xb6
35.Rf1f5 e6
36.Rf5a5 Rf7c7
37.c4 Rc7c5
38.Ra5xc5 dxc5
39.Rb1d1 Kg6
40.Rd1d8 e5
41.Rd8c8 f5
42.Rc8xc5 Kf6
43.exf5 Kxf5
44.Rc5c8 Rb6f6
45.c5 e4
46.c6 e3
47.Rc8e8 Rf6xc6
48.Re8xe3 Rc6c1
49.Kh2 Rc1a1
50.a4 a5
51.Re3c3 g4
52.Rc3c5 Kf4
53.Rc5c4 Kg5
54.Rc4xg4 Kf5
55.Rg4c4 Ra1b1
56.Rc4c3 Rb1b2
57.Rc3c5 Kg6
58.Rc5xa5 Rb2xb3
59.Ra5a8 Rb3a3
60.a5 { resign }
1-0

[Event "Tourn. n9018"]
[Site "www.chess-mail.com"]
[Date "2017.01.09"]
[Round "1"]
[White "Kampungboy"]
[Black "Rons"]
[WhiteElo "2540"]
[BlackElo "2530"]
[Result "1-0"]
[Round "1"]
1.e4 c5
2.b3 Nb8c6
3.Bc1b2 e5
4.Bf1c4 d6
5.d3 Ng8f6
6.Ng1e2 g6
7.Nb1c3 Bf8g7
8.O-O O-O
9.a4 Nc6d4
10.Bb2c1 Bc8d7
11.Bc1g5 h6
12.Bg5d2 Qd8e7
13.Nc3d5 Nf6xd5
14.Bc4xd5 h5
15.b4 cxb4
16.Bd2xb4 Nd4e6
17.a5 Ra8b8
18.Bb4d2 Rf8c8
19.c4 Bd7c6
20.Ne2c3 Ne6f4
21.Bd2e3 h4
22.Be3xa7 Rb8a8
23.Ba7e3 h3
24.g3 Bc6xd5
25.Nc3xd5 Nf4xd5
26.cxd5 f5
27.Be3d2 Qe7d7
28.Ra1b1 Rc8c7
29.Rb1b6 Ra8a6
30.Rb6b2 Ra6a8
31.Qd1e2 Ra8f8
32.Rf1b1 Rf8f7
33.Qe2e3 f4
34.Qe3f3 Bg7f8
35.Kh1 Qd7a4
36.gxf4 Rc7c2
37.Rb2b4 Qa4d7
38.Bd2e3 exf4
39.Be3d4 Bf8g7
40.Bd4xg7 Kxg7
41.Rb1g1 Kh7
42.Rb4b1 Qd7c8
43.Rb1f1 Kg7
44.Qf3h5 Rf7f6
45.d4 Qc8c4
46.Qh5xh3 Qc4xd4
47.Qh3d7 Kf8
48.Qd7d8 Kf7
49.f3 Qd4d2
50.Qd8h8 Qd2e2
51.Qh8h7 Kf8
52.Qh7h8 Kf7
53.Qh8h6 Rc2b2
54.Qh6h3 Rb2b3
55.Rg1g4 { resign }
1-0

[Event "Tourn. n9094"]
[Site "www.chess-mail.com"]
[Date "2017.01.09"]
[Round "1"]
[White "Osopanda"]
[Black "Bojan"]
[WhiteElo "2020"]
[BlackElo "2050"]
[Result "0-1"]
[Round "1"]
1.d4 c5
2.Ng1f3 e6
3.e4 a6
4.c3 b5
5.Bc1e3 c4
6.e5 h6
7.Bf1e2 Bc8b7
8.O-O d6
9.exd6 Bf8xd6
10.Rf1e1 Ng8e7
11.Nb1d2 Nb8d7
12.Qd1c2 Ne7f5
13.Nd2e4 Nf5xe3
14.fxe3 Nd7f6
15.Ne4xd6 Qd8xd6
16.Nf3e5 Bb7e4
17.Qc2d1 Nf6d7
18.Be2f3 Be4xf3
19.Qd1xf3 O-O
20.Ra1d1 Nd7xe5
21.dxe5 Qd6xe5
22.e4 Ra8a7
23.Qf3f2 Ra7b7
24.Qf2d4 Qe5g5
25.Re1e3 Rb7b8
26.Re3g3 e5
27.Rg3xg5 exd4
28.Rg5g3 d3
29.Kf2 Rf8e8
30.Rg3e3 Re8e6
31.Ke1 Rb8e8
32.Kd2 f5
33.Rd1e1 Re6xe4
34.g3 g5
35.Re3xe4 Re8xe4
{ resign }
0-1

[Event "Tourn. n9137"]
[Site "www.chess-mail.com"]
[Date "2017.01.09"]
[Round "1"]
[White "Genius3"]
[Black "Attatroll"]
[WhiteElo "1870"]
[BlackElo "1920"]
[Result "1/2-1/2"]
[Round "1"]
1.e4 d6
2.d4 Ng8f6
3.Nb1c3 g6
4.Bf1e2 Bf8g7
5.Bc1e3 O-O
6.h3 c6
7.Ng1f3 Nb8d7
8.Qd1d2 e5
9.dxe5 Nd7xe5
10.Nf3xe5 dxe5
11.Qd2xd8 Rf8xd8
12.Ra1d1 Bc8e6
13.a3 Rd8d7
14.Rd1xd7 Be6xd7
15.O-O Kf8
16.Rf1d1 Bd7e6
17.Be3c5 Ke8
18.g4 { draw }
1/2-1/2

[Event "Tourn. n9031"]
[Site "www.chess-mail.com"]
[Date "2017.01.09"]
[Round "1"]
[White "Tonino1"]
[Black "Osopanda"]
[WhiteElo "2030"]
[BlackElo "2020"]
[Result "1-0"]
[Round "1"]
1.f4 Ng8f6
2.d4 d6
3.e3 e5
4.dxe5 dxe5
5.Qd1xd8 Kxd8
6.fxe5 Nf6g4
7.Ng1f3 Nb8c6
8.b3 Ng4xe5
9.Nf3xe5 Nc6xe5
10.Bc1b2 Bf8d6
11.Nb1d2 Bc8f5
12.O-O-O Ke7
13.Nd2c4 Ne5xc4
14.Bf1xc4 f6
15.Rh1e1 Bf5e4
16.Rd1d4 f5
17.g3 a6
18.g4 b5
19.Bc4d5 Be4xd5
20.Rd4xd5 fxg4
21.Rd5g5 Rh8g8
22.Rg5xg4 Ra8e8
23.Rg4xg7 Rg8xg7
24.Bb2xg7 Bd6a3
25.Bg7b2 Ba3xb2
26.Kxb2 Ke6
27.c3 c5
28.c4 bxc4
29.bxc4 Ke5
30.Kc3 Ke4
31.Re1f1 Re8e7
32.Rf1f6 Kxe3
33.Rf6xa6 h5
34.Ra6h6 Re7e5
35.a4 Re5g5
36.a5 Rg5g1
37.Rh6xh5 Rg1c1
38.Kb3 Kd3
39.Rh5d5 Ke4
40.Rd5xc5 Kd4
41.Rc5d5 Ke4
42.a6 Rc1a1
43.Rd5d6 Ke5
44.c5 Ra1h1
45.a7 Rh1a1
46.Rd6d7 Ke6
47.Rd7h7 Kd5
48.Kb4 Kc6
49.h4 Ra1b1
50.Kc3 Rb1a1
51.h5 Ra1a3
52.Kd4 Ra3a4
53.Ke5 Kxc5
54.Kf6 Kd6
55.Rh7g7 Ra4f4
56.Kg5 Rf4a4
57.h6 Ke6
58.Kg6 Ra4g4
59.Kh7 Rg4a4
60.Rg7b7 Kf6
61.Kg8 Kg6
62.h7 { resign }
1-0

[Event "Tourn. n9064"]
[Site "www.chess-mail.com"]
[Date "2017.01.09"]
[Round "1"]
[White "Bojan"]
[Black "Genius3"]
[WhiteElo "1960"]
[BlackElo "1800"]
[Result "1/2-1/2"]
[Round "1"]
1.e4 c6
2.d4 d5
3.Nb1c3 dxe4
4.Nc3xe4 Nb8d7
5.c4 Ng8f6
6.Bf1d3 Nf6xe4
7.Bd3xe4 Nd7f6
8.Be4c2 Bc8g4
9.f3 Bg4d7
10.Qd1d3 g6
11.Bc1f4 Bd7f5
12.Qd3c3 Bf5xc2
13.Qc3xc2 Bf8g7
14.Ng1e2 O-O
15.Ra1d1 e6
16.O-O Rf8e8
17.Ne2g3 Qd8e7
18.b3 h6
19.Rf1e1 Qe7d7
20.Ng3e4 Nf6xe4
21.Re1xe4 Ra8d8
22.Bf4e3 Qd7c7
23.b4 b6
24.Be3f4 Qc7b7
25.Qc2c1 Rd8d7
26.b5 cxb5
27.cxb5 Re8c8
28.Qc1b2 Rc8d8
29.Rd1d3 Rd7d5
30.a4 Rd5d7
31.Bf4e3 Rd8c8
32.h3 Rd7c7
33.Rd3d1 Rc7c2
34.Qb2b1 Qb7d5
35.Be3f4 Rc2c4
36.Qb1a2 Rc4c1
37.Qa2d2 Rc1xd1
{ draw }
1/2-1/2

[Event "Tourn. n9094"]
[Site "www.chess-mail.com"]
[Date "2017.01.09"]
[Round "1"]
[White "B0zata"]
[Black "Osopanda"]
[WhiteElo "2250"]
[BlackElo "2020"]
[Result "0-1"]
[Round "1"]
1.d4 d5
2.c4 e6
3.Nb1c3 Ng8f6
4.Ng1f3 c6
5.Bc1g5 Bf8e7
6.e3 Nb8d7
7.Nf3e5 O-O
8.cxd5 exd5
9.Ne5xd7 Bc8xd7
10.Bf1e2 h6
11.Bg5h4 Nf6e4
12.Bh4xe7 Qd8xe7
13.a3 f5
14.O-O f4
15.Nc3xe4 dxe4
16.exf4 Rf8xf4
17.g3 Rf4f8
18.Be2g4 Ra8d8
19.Bg4xd7 Rd8xd7
20.Qd1b3 Kh8
21.Qb3e3 Rf8f3
22.Qe3e2 Rd7xd4
23.Ra1d1 Rd4xd1
24.Rf1xd1 Kh7
25.Qe2c2 g6
26.Rd1e1 e3
27.Kg2 Qe7f6
28.Re1xe3 Rf3xe3
29.fxe3 Kg7
30.Qc2b3 b6
31.Qb3c2 c5
32.b4 cxb4
33.axb4 h5
34.Qc2c7 Qf6f7
35.Qc7xf7 Kxf7
36.Kf3 a5
37.bxa5 bxa5
38.Ke2 Ke6
39.Kd3 Ke5
40.h3 a4
41.Kc3 Ke4
42.Kb4 Kxe3
43.Kxa4 Kf3
44.g4 h4
45.Kb4 Kg3
46.Kc4 Kxh3
47.Kd4 Kxg4
48.Ke3 Kg3
49.Ke2 Kg2
50.Ke1 h3
51.Ke2 h2
{ resign }
0-1

[Event "Tourn. n9027"]
[Site "www.chess-mail.com"]
[Date "2017.01.09"]
[Round "1"]
[White "Osopanda"]
[Black "Tonino1"]
[WhiteElo "2020"]
[BlackElo "2030"]
[Result "0-1"]
[Round "1"]
1.Ng1f3 Ng8f6
2.c4 g6
3.d4 Bf8g7
4.Nb1c3 O-O
5.e4 d6
6.Bf1d3 c6
7.O-O Qd8c7
8.Rf1e1 e5
9.Bc1e3 Nf6g4
10.dxe5 Ng4xe5
11.Nf3xe5 dxe5
12.Ra1c1 Bc8e6
13.Nc3d5 Qc7d8
14.Nd5c3 Nb8d7
15.c5 Qd8a5
16.Bd3b1 Nd7xc5
17.b3 Ra8d8
18.Qd1e2 Rd8d7
19.Re1d1 Rf8d8
20.Rd1xd7 Rd8xd7
21.h3 Qa5b4
22.Kh2 f5
23.exf5 gxf5
24.g3 f4
25.gxf4 exf4
26.Be3xc5 Qb4xc5
27.Qe2xe6 Rd7f7
28.Bb1xh7 Kxh7
29.Nc3e4 Qc5d5
30.Qe6xd5 cxd5
31.Ne4g5 Kg6
32.h4 Rf7e7
33.Kh3 Re7e2
34.Kg2 Bg7d4
35.Ng5h3 Bd4e5
36.Kf3 Re2xa2
37.Nh3xf4 Be5xf4
38.Kxf4 Ra2xf2
39.Ke5 d4
40.Kxd4 Rf2f4
41.Ke5 Rf4xh4
42.Rc1g1 Kf7
43.Rg1c1 Rh4b4
44.Rc1c3 a5
45.Kd5 Ke7
46.Kc5 Kd7
47.Rc3d3 Kc7
48.Rd3h3 b6
49.Kd5 Kb7
50.Rh3h7 Ka6
51.Rh7h3 Kb5
52.Rh3c3 a4
53.bxa4 Kxa4
54.Kc6 b5
55.Kc5 Rb4h4
56.Rc3g3 Rh4c4
57.Kb6 b4
58.Rg3g8 b3
59.Rg8a8 Kb4
60.Ra8a1 b2
61.Ra1b1 Kb3
62.Kb5 Rc4c1
{ resign }
0-1

[Event "Tourn. n9120"]
[Site "www.chess-mail.com"]
[Date "2017.01.09"]
[Round "1"]
[White "Autmich"]
[Black "Manuelito"]
[WhiteElo "1649"]
[BlackElo "1700"]
[Result "1-0"]
[Round "1"]
1.e4 e5
2.Ng1f3 d6
3.d4 exd4
4.Nf3xd4 Nb8c6
5.Nb1c3 Nc6xd4
6.Qd1xd4 Qd8f6
7.Bc1e3 Qf6xd4
8.Be3xd4 Bc8d7
9.O-O-O a6
10.Nc3d5 O-O-O
11.Bf1e2 Ng8e7
12.Nd5xe7 Bf8xe7
13.g3 f6
14.f4 Rh8e8
15.Rh1e1 Bd7c6
16.Be2g4 Kb8
17.h4 Be7f8
18.Bg4f3 d5
19.exd5 Re8xe1
20.Rd1xe1 Bf8d6
21.dxc6 bxc6
22.Bd4c3 Kb7
23.Re1e6 Kb6
24.Bf3h5 c5
25.Re6e8 Rd8xe8
26.Bh5xe8 c4
27.h5 c5
28.h6 gxh6
29.Bc3xf6 Bd6f8
30.Be8f7 Kb5
31.Bf7g8 Kb4
32.Bg8xh7 a5
33.Bf6c3 Kb5
34.f5 { resign }
1-0

[Event "Tourn. n9022"]
[Site "www.chess-mail.com"]
[Date "2017.01.09"]
[Round "1"]
[White "Ejner"]
[Black "Tartan"]
[WhiteElo "2470"]
[BlackElo "2460"]
[Result "1/2-1/2"]
[Round "1"]
1.d4 d5
2.c4 e6
3.Nb1c3 Ng8f6
4.Ng1f3 c5
5.cxd5 Nf6xd5
6.g3 Nd5xc3
7.bxc3 cxd4
8.cxd4 Bf8b4
9.Bc1d2 Bb4xd2
10.Qd1xd2 b6
11.Bf1g2 Bc8b7
12.O-O O-O
13.a4 Nb8c6
14.Nf3e5 Ra8c8
15.a5 Nc6xe5
16.Bg2xb7 Rc8c4
17.Rf1d1 Ne5c6
18.Bb7xc6 Rc4xc6
19.axb6 axb6
20.e4 f5
21.exf5 Rf8xf5
22.Ra1a7 Rf5a5
23.Rd1a1 Ra5xa1
{ draw }
1/2-1/2

[Event "Tourn. n9092"]
[Site "www.chess-mail.com"]
[Date "2017.01.09"]
[Round "1"]
[White "Osopanda"]
[Black "Julian"]
[WhiteElo "2010"]
[BlackElo "1910"]
[Result "1/2-1/2"]
[Round "1"]
1.d4 d5
2.c4 e6
3.Nb1c3 Ng8f6
4.Bc1g5 Bf8e7
5.e3 c6
6.Ng1f3 Nb8d7
7.Bf1d3 O-O
8.O-O Rf8e8
9.cxd5 exd5
10.Qd1c2 Be7d6
11.Ra1e1 h6
12.Bg5h4 Nd7f8
13.e4 dxe4
14.Nc3xe4 Bd6e7
15.Ne4xf6 Be7xf6
16.Bh4xf6 gxf6
17.Re1xe8 Qd8xe8
18.Rf1e1 Nf8e6
19.Qc2e2 Qe8f8
20.Nf3h4 Ne6xd4
21.Qe2h5 f5
22.Re1e3 Bc8e6
23.Re3g3 Kh8
24.Nh4xf5 Nd4xf5
25.Bd3xf5 Be6xf5
26.Qh5xf5 Ra8d8
27.Qf5f6 Kh7
28.h4 Rd8d1
29.Kh2 Rd1d6
30.Qf6f5 Kh8
31.h5 Qf8e7
32.Rg3e3 Qe7h4
33.Re3h3 Qh4f6
34.Qf5xf6 Rd6xf6
35.Kg3 Kg7
36.Rh3h4 { draw }
1/2-1/2

[Event "Tourn. n8956"]
[Site "www.chess-mail.com"]
[Date "2017.01.09"]
[Round "1"]
[White "Rons"]
[Black "Ejner"]
[WhiteElo "2500"]
[BlackElo "2450"]
[Result "1-0"]
[Round "1"]
1.e4 c5
2.Ng1f3 Nb8c6
3.d4 cxd4
4.Nf3xd4 g6
5.c4 Bf8g7
6.Bc1e3 Ng8f6
7.Nb1c3 O-O
8.Bf1e2 d6
9.O-O Nc6xd4
10.Be3xd4 Bc8d7
11.Qd1d2 Bd7c6
12.f3 a5
13.b3 Nf6d7
14.Bd4e3 Nd7c5
15.Ra1b1 Qd8b6
16.Rf1c1 Rf8c8
17.Rc1c2 Qb6d8
18.Be2f1 h5
19.Rb1d1 Kh7
20.Qd2f2 Qd8h8
21.Nc3d5 Bc6xd5
22.cxd5 Nc5a6
23.Bf1xa6 Rc8xc2
24.Qf2xc2 bxa6
25.Qc2c6 Bg7b2
26.Kf1 Qh8c8
27.Rd1b1 Bb2a3
28.Be3b6 Qc8h8
29.Bb6xa5 Ra8c8
30.Qc6xa6 Rc8a8
31.Qa6b5 Qh8d4
32.Ba5b6 Qd4d2
33.Qb5e2 Qd2c3
34.Bb6e3 Ra8c8
35.g3 f6
36.b4 Ba3xb4
37.Rb1c1 Qc3xc1
38.Be3xc1 Rc8xc1
39.Kg2 Bb4c5
40.f4 Kh6
41.a4 g5
42.fxg5 fxg5
43.h4 Rc1g1
44.Kh2 gxh4
45.gxh4 Rg1g4
46.Kh3 Kg6
47.Qe2f3 Bc5d4
48.Qf3f5 Kh6
49.a5 Bd4e5
50.Qf5f2 Rg4xe4
51.a6 Re4a4
52.Qf2f8 Be5g7
53.Qf8xe7 Ra4a3
54.Kg2 Ra3a2
55.Kf3 Ra2a3
56.Qe7e3 Ra3xe3
57.Kxe3 { resign }
1-0

[Event "Tourn. n9076"]
[Site "www.chess-mail.com"]
[Date "2017.01.09"]
[Round "1"]
[White "Genius3"]
[Black "Falcoale"]
[WhiteElo "1830"]
[BlackElo "1860"]
[Result "1-0"]
[Round "1"]
1.Ng1f3 c5
2.c4 e6
3.d4 Ng8f6
4.e3 cxd4
5.exd4 Nb8c6
6.Nb1c3 d5
7.Bf1e2 Bf8b4
8.Bc1d2 O-O
9.cxd5 exd5
10.O-O Rf8e8
11.Be2b5 a6
12.Bb5xc6 bxc6
13.Rf1e1 Bc8b7
14.Nf3e5 Bb4d6
15.a3 Nf6e4
16.Nc3xe4 dxe4
17.Bd2c3 Qd8c7
18.Ne5c4 Bd6f4
19.g3 Bf4g5
20.Nc4e5 c5
21.Qd1a4 cxd4
22.Qa4xd4 Ra8d8
23.Qd4b4 Bg5e7
24.Qb4b3 Bb7d5
25.Qb3c2 Be7g5
26.Qc2a4 Re8xe5
27.Qa4d4 Re5f5
28.Qd4xg7 { resign }
1-0

[Event "Tourn. n9043"]
[Site "www.chess-mail.com"]
[Date "2017.01.09"]
[Round "1"]
[White "Prize640"]
[Black "Osopanda"]
[WhiteElo "2280"]
[BlackElo "2060"]
[Result "1-0"]
[Round "1"]
1.Ng1f3 Ng8f6
2.g3 d5
3.c4 c6
4.cxd5 cxd5
5.d4 Nb8c6
6.Nb1c3 e6
7.Bf1g2 Bf8e7
8.O-O O-O
9.Bc1f4 Nf6h5
10.Bf4c1 f5
11.Nf3e5 Nc6xe5
12.dxe5 f4
13.e4 g6
14.exd5 exd5
15.Qd1xd5 Kg7
16.Bg2f3 fxg3
17.fxg3 Qd8xd5
18.Nc3xd5 Be7c5
19.Kg2 Bc8e6
20.Nd5c7 Be6c4
21.Bc1g5 Ra8b8
22.Rf1c1 b5
23.Nc7a6 Rb8c8
24.Na6xc5 Rc8xc5
25.Bg5e7 Rf8xf3
26.Be7xc5 Bc4d5
27.Kg1 Kh6
28.Bc5xa7 Nh5g7
29.Rc1c3 Rf3f7
30.Ba7e3 g5
31.h4 Ng7f5
32.Be3xg5 Kh5
33.Bg5f6 Nf5h6
34.Ra1d1 Bd5xa2
35.b3 Nh6g4
36.Rd1a1 Ba2xb3
37.Rc3xb3 Ng4xf6
38.exf6 Rf7xf6
39.Rb3xb5 Kg4
40.Rb5g5 Kh3
41.Ra1a2 { resign }
1-0

[Event "Tourn. n9066"]
[Site "www.chess-mail.com"]
[Date "2017.01.09"]
[Round "1"]
[White "Aperturaf"]
[Black "Ejner"]
[WhiteElo "2300"]
[BlackElo "2440"]
[Result "1-0"]
[Round "1"]
1.e4 c5
2.Ng1f3 e6
3.d4 cxd4
4.Nf3xd4 Ng8f6
5.Nb1c3 Nb8c6
6.Nd4xc6 bxc6
7.e5 Nf6d5
8.Nc3e4 Qd8c7
9.f4 Qc7a5
10.Bc1d2 Qa5b6
11.Bf1d3 Bf8e7
12.Qd1e2 Ra8b8
13.b3 f5
14.exf6 Nd5xf6
15.Bd2c3 O-O
16.Ne4xf6 gxf6
17.Qe2g4 Kh8
18.Qg4h5 Qb6e3
19.Kd1 Qe3xd3
20.cxd3 Rb8b5
21.Qh5h4 Rb5d5
22.Kc2 Bc8a6
23.Ra1d1 Rf8f7
24.Rh1f1 Kg8
25.f5 { resign }
1-0

[Event "Tourn. n9082"]
[Site "www.chess-mail.com"]
[Date "2017.01.09"]
[Round "1"]
[White "Passaroa25"]
[Black "Cal"]
[WhiteElo "1590"]
[BlackElo "1540"]
[Result "0-1"]
[Round "1"]
1.e4 e5
2.c3 Ng8f6
3.f3 a6
4.d3 Nb8c6
5.Nb1d2 d6
6.Ng1e2 b5
7.Ne2g3 h6
8.Nd2b3 Bc8b7
9.Bc1d2 Bf8e7
10.Bf1e2 O-O
11.Bd2e3 Qd8d7
12.Be3d2 Nf6h7
13.Bd2e3 f5
14.Ng3xf5 Be7f6
15.Be3f2 Nc6d8
16.O-O d5
17.Nb3c5 Qd7f7
18.b4 Nd8c6
19.Nc5xb7 dxe4
20.dxe4 Qf7e6
21.Nb7c5 Qe6f7
22.Nc5d7 Rf8d8
23.Nd7xf6 Nh7xf6
24.Qd1c2 Nc6e7
25.Nf5xe7 Qf7xe7
26.Qc2b3 Kh7
27.Ra1c1 Nf6h5
28.g4 c6
29.Bf2b6 Nh5f4
30.Bb6xd8 Ra8xd8
31.Be2d1 Nf4h3
32.Kh1 Qe7h4
33.Qb3e6 Rd8f8
34.Qe6xe5 Nh3f2
35.Rf1xf2 Qh4xf2
36.a3 Qf2f1

0-1

[Event "Tourn. n9110"]
[Site "www.chess-mail.com"]
[Date "2017.01.09"]
[Round "1"]
[White "Pinehill"]
[Black "Genius3"]
[WhiteElo "2050"]
[BlackElo "1840"]
[Result "1-0"]
[Round "1"]
1.e4 g6
2.d4 Bf8g7
3.Ng1f3 c6
4.c4 d5
5.e5 Bc8g4
6.Nb1c3 e6
7.b3 Ng8e7
8.Bc1g5 h6
9.Bg5f6 O-O
10.Bf1e2 Nb8d7
11.Bf6xg7 Kxg7
12.O-O Bg4xf3
13.Be2xf3 Ne7f5
14.cxd5 exd5
15.Rf1e1 Nd7b6
16.Qd1d2 Rf8e8
17.Qd2f4 Qd8d7
18.h4 Ra8d8
19.g4 Nf5xh4
20.Qf4f6 Kg8
21.Qf6xh4 Kg7
22.Qh4f6 Kg8
23.g5 hxg5
24.Qf6xg5 { resign }
1-0

[Event "Tourn. n9081"]
[Site "www.chess-mail.com"]
[Date "2017.01.09"]
[Round "1"]
[White "Attatroll"]
[Black "Genius3"]
[WhiteElo "1970"]
[BlackElo "1840"]
[Result "1-0"]
[Round "1"]
1.e4 c5
2.d4 cxd4
3.c3 d5
4.exd5 Qd8xd5
5.Ng1f3 Nb8c6
6.cxd4 e5
7.dxe5 Qd5xd1
8.Kxd1 Bc8g4
9.Bf1b5 O-O-O
10.Ke1 Bg4xf3
11.gxf3 Nc6xe5
12.Nb1d2 Bf8b4
13.Ke2 Ng8f6
14.Rh1g1 a6
15.Bb5a4 b5
16.Ba4b3 g6
17.Nd2e4 Nf6xe4
18.fxe4 Ne5c4
19.Bb3xc4 bxc4
20.Bc1g5 Rd8e8
21.Kf3 Kb7
22.Rg1d1 h6
23.Bg5f6 Rh8g8
24.Rd1d7 Kc6
25.Rd7xf7 Re8f8
26.Rf7xf8 Rg8xf8
27.e5 Bb4e7
28.Ra1d1 Be7xf6
29.Rd1d6 Kb5
30.Rd6xf6 Rf8e8
31.e6 a5
32.Rf6xg6 Re8f8
33.Ke3 { resign }
1-0

[Event "Tourn. n9160"]
[Site "www.chess-mail.com"]
[Date "2017.01.09"]
[Round "1"]
[White "Wd40"]
[Black "Guidom"]
[WhiteElo "2179"]
[BlackElo "2090"]
[Result "1-0"]
[Round "1"]
1.a3 d5
2.a4 e5
3.d3 Ng8f6
4.Ng1f3 Nb8c6
5.g3 Bc8g4
6.c3 Bf8d6
7.Bf1g2 O-O
8.O-O Rf8e8
9.Bc1g5 h6
10.Bg5xf6 Qd8xf6
11.Nf3d2 d4
12.Nd2e4 Qf6d8
13.Nb1d2 f5
14.Ne4xd6 Qd8xd6
15.Qd1b3 Kh8
16.Qb3xb7 Nc6e7
17.Nd2c4 Qd6c5
18.b4 { resign }
1-0

[Event "Match"]
[Site "www.echecsemail.com"]
[Date "2017.01.09"]
[Round "1"]
[White "Yoj"]
[Black "Mdesouza"]
[WhiteElo "1809"]
[BlackElo "2410"]
[Result "1-0"]
[Round "1"]
1.f4 d5
2.g3 Ng8f6
3.c4 dxc4
4.Qd1a4 c6
5.Qa4xc4 Qd8d5
6.Qc4xd5 cxd5
7.Bf1g2 Nb8c6
8.Nb1c3 e6
9.d3 Bf8c5
10.Ng1f3 O-O
11.Bc1d2 Nf6g4
12.Nc3d1 Nc6b4
13.Ra1c1 Bc5b6
14.Bd2xb4 { resign }
1-0

[Event "Match"]
[Site "www.echecsemail.com"]
[Date "2017.01.09"]
[Round "1"]
[White "Llord"]
[Black "Orae"]
[WhiteElo "1870"]
[BlackElo "1710"]
[Result "1-0"]
[Round "1"]
1.e4 e5
2.Ng1f3 Nb8c6
3.Bf1c4 h6
4.O-O Ng8f6
5.Nb1c3 Bf8b4
6.a3 Bb4xc3
7.dxc3 O-O
8.Nf3h4 Nf6xe4
9.Bc4d5 Qd8xh4
10.g3 Qh4h3
11.Bd5xe4 b6
12.Be4g2 Qh3f5
13.Bc1e3 d6
14.Rf1e1 Qf5g6
15.Bg2xc6 Ra8b8
16.Be3d2 Qg6e6
17.Bd2e3 Bc8b7
18.Bc6xb7 Rb8xb7
19.f4 f6
20.Qd1h5 f5
21.Ra1d1 Qe6a2
22.fxe5 Qa2xb2
23.exd6 Qb2xc3
24.d7 Qc3f6
25.Be3d4 Qf6f7
26.Qh5xf7 Kxf7
27.Bd4xg7 Kxg7
28.Re1e8 Rb7b8
29.d8Q Rb8xd8
30.Re8xd8 Rf8f6
31.Rd8d7 Rf6f7
32.Rd7xf7 Kxf7
33.Rd1d7 Ke6
34.Rd7xc7 a5
35.Rc7c6 Kd5
36.Rc6xb6 Kc5
37.Rb6xh6 Kb5
38.Rh6h5 Kc4
39.Rh5xf5 { resign }
1-0

[Event "Match"]
[Site "www.echecsemail.com"]
[Date "2017.01.09"]
[Round "1"]
[White "Iko"]
[Black "Glailton"]
[WhiteElo "1720"]
[BlackElo "1499"]
[Result "1-0"]
[Round "1"]
1.e4 e5
2.Ng1f3 Nb8c6
3.Bf1b5 Ng8e7
4.O-O a6
5.Bb5c4 b5
6.Bc4b3 h6
7.Nf3h4 Nc6d4
8.c3 Nd4e6
9.Bb3xe6 dxe6
10.Nb1a3 Ne7c6
11.g3 Bf8xa3
12.b4 Ba3xc1
13.Ra1xc1 O-O
14.Qd1g4 Qd8f6
15.Rc1e1  { time }
1-0

[Event "Match"]
[Site "www.echecsemail.com"]
[Date "2017.01.09"]
[Round "1"]
[White "Taxrama"]
[Black "Forest"]
[WhiteElo "1840"]
[BlackElo "1760"]
[Result "0-1"]
[Round "1"]
1.e4 e5
2.Ng1f3 Nb8c6
3.Bf1c4 Ng8f6
4.d3 Bf8e7
5.Nf3g5 O-O
6.Nb1c3 d6
7.h3 Nc6d4
8.Nc3d5 Nf6xd5
9.Bc4xd5 Be7xg5
 { time }
0-1

[Event "Match"]
[Site "www.echecsemail.com"]
[Date "2017.01.09"]
[Round "1"]
[White "Guidom"]
[Black "Genius3"]
[WhiteElo "2170"]
[BlackElo "1870"]
[Result "1-0"]
[Round "1"]
1.e4 c5
2.Ng1f3 d6
3.Bf1c4 e6
4.O-O Nb8c6
5.c3 Ng8f6
6.Rf1e1 Bf8e7
7.d4 cxd4
8.cxd4 O-O
9.Nb1c3 a6
10.a3 Bc8d7
11.Bc1g5 Rf8e8
12.Ra1c1 b5
13.Bc4a2 Ra8c8
14.h3 h6
15.Bg5h4 Nc6a5
16.Qd1d3 Na5c4
17.Re1e2 Qd8b6
18.Rc1d1 Re8d8
19.d5 e5
20.Nf3d2 Nc4xd2
21.Re2xd2 Rd8e8
22.Kh1 Rc8c7
23.Ba2b1 Re8c8
24.f4 Rc7c4
25.Bh4xf6 Be7xf6
26.Rd1f1 exf4
27.e5 dxe5
28.Qd3h7 Kf8
29.d6 g6
30.Bb1a2 Rc4c6
31.Qh7xf7 { resign }
1-0

[Event "1/32 Finale"]
[Site "www.chess-mail.com"]
[Date "2017.01.09"]
[Round "1"]
[White "Astigitana"]
[Black "Yomismista"]
[WhiteElo "2420"]
[BlackElo "2470"]
[Result "0-1"]
[Round "1"]
1.d4 d5
2.c4 e6
3.Nb1c3 Bf8e7
4.Ng1f3 Ng8f6
5.cxd5 exd5
6.Bc1g5 O-O
7.e3 Bc8f5
8.Qd1b3 Nb8d7
9.Nc3xd5 Nf6xd5
10.Qb3xd5 Be7xg5
11.Nf3xg5 Qd8xg5
{ resign }
0-1

[Event "Fast Game"]
[Site "www.echecsemail.com"]
[Date "2017.01.09"]
[Round "1"]
[White "Balbyns"]
[Black "13dec2016"]
[WhiteElo "1599"]
[BlackElo "1599"]
[Result "1-0"]
[Round "1"]
1.d4 Ng8f6
2.c4 g6
3.Ng1f3 d5
4.e3 Bf8g7
5.Nb1c3 Bc8e6
6.cxd5 Be6xd5
7.Nc3xd5 Nf6xd5
8.Qd1b3 Nd5b6
9.Bf1d3  { time }
1-0